[Event "72nd MNE-ch 2020"]
[Site "Podgorica"]
[Date "2020.09.14"]
[Round "6"]
[White "Vuckovic, Marko"]
[Black "Petrusic, Goran"]
[Result "1-0"]
[WhiteElo "2059"]
[BlackElo "1935"]
[PlyCount "71"]
[EventDate "2020.09.11"]
[EventType "swiss"]
[EventRounds "9"]
[EventCountry "MNE"]
[TimeControl "5400+30"]

1. e4 c6 2. Nc3 d5 3. Nf3 dxe4 4. Nxe4 Nd7 5. Bc4 e6 6. O-O Ngf6 7. Nxf6+ Nxf6 8. d4 h6 9. Bf4 Bd6 10. Be5 O-O 11. Qe2 b6 12. Rad1 Bb7 13. Bd3 Qe7 14. c3 Rfd8 15. Nd2 c5 16. Nc4 Bxe5 17. dxe5 Nd5 18. Qe4 g6 19. Nd6 Rab8 20. Qg4 Kg7 21. h4 h5 22. Qg3 a6 23. Be2 b5 24. Bf3 Ba8 25. Rd3 Rxd6 26. exd6 Qf6 27. Rd2 Rd8 28. Rfd1 c4 29. Rd4 Rd7 30. Bxh5 Qd8 31. Bf3 Rxd6 32. h5 Rd7 33. hxg6 fxg6 34. Rg4 Bb7 35. Rxg6+ Kh8 36. Qe5+ 1-0

[Event "72nd MNE-ch 2020"]
[Site "Podgorica"]
[Date "2020.09.14"]
[Round "6"]
[White "Skenderovic, Ismet"]
[Black "Cadjenovic, Dragan"]
[Result "0-1"]
[WhiteElo "1913"]
[BlackElo "1841"]
[PlyCount "84"]
[EventDate "2020.09.11"]
[EventType "swiss"]
[EventRounds "9"]
[EventCountry "MNE"]
[TimeControl "5400+30"]

1. d4 Nf6 2. c4 e6 3. a3 b6 4. Nc3 Bb7 5. Bg5 Be7 6. Bxf6 Bxf6 7. e3 O-O 8. Nf3 d6 9. Be2 Nd7 10. O-O Re8 11. e4 g6 12. Qc2 Bg7 13. Rfe1 e5 14. d5 Nf6 15. Nd2 Bc8 16. h3 h5 17. Nf1 Bh6 18. Qd3 Nh7 19. Ne3 Qh4 20. Bf1 Qg5 21. g3 Bd7 22. h4 Qe7 23. Nb5 Bc8 24. Qe2 a6 25. Nc3 Rf8 26. Bg2 Bd7 27. Rf1 Nf6 28. Rac1 Rae8 29. Ncd1 Kh7 30. Bf3 Bh3 31. Bg2 Qd7 32. Qf3 Kg7 33. Bxh3 Qxh3 34. Qg2 Qd7 35. f3 Kh7 36. g4 hxg4 37. fxg4 Bf4 38. Kf2 Kg7 39. Kf3 Rh8 40. Rh1 Qa4 41. Qc2 Qd7 42. Rh3 Rh7 0-1

[Event "72nd MNE-ch 2020"]
[Site "Podgorica"]
[Date "2020.09.14"]
[Round "6"]
[White "Koljevic, Nikolina"]
[Black "Sabotic, Denis"]
[Result "1-0"]
[WhiteElo "1870"]
[BlackElo "1708"]
[PlyCount "74"]
[EventDate "2020.09.11"]
[EventType "swiss"]
[EventRounds "9"]
[EventCountry "MNE"]
[TimeControl "5400+30"]

1. e4 c5 2. Nf3 Nc6 3. Bb5 Qb6 4. Nc3 e6 5. O-O a6 6. Bc4 h6 7. b3 Be7 8. Bb2 Nf6 9. Re1 O-O 10. e5 Nh7 11. Ne4 Qc7 12. Ng3 b5 13. Bd3 Bb7 14. Nh5 Nb4 15. Be4 Ng5 16. Nxg5 Bxg5 17. f4 Bxe4 18. Rxe4 Be7 19. Qg4 g6 20. Nf6+ Bxf6 21. exf6 d5 22. Re5 d4 23. Rh5 Nd5 24. Rxh6 Nxf6 25. Qg5 Kg7 26. c3 Qd6 27. Re1 Rh8 28. Rxh8 Rxh8 29. Qe5 Rd8 30. Ba3 dxc3 31. dxc3 Qd2 32. Bxc5 Rd5 33. Qe3 Qxa2 34. Bd4 Qxb3 35. g4 Qb2 36. g5 a5 37. Bxf6+ Kf8 1-0

[Event "72nd MNE-ch 2020"]
[Site "Podgorica"]
[Date "2020.09.14"]
[Round "6"]
[White "Lakusic, Zoran"]
[Black "Mosurovic, Milena"]
[Result "1-0"]
[WhiteElo "1711"]
[BlackElo "1353"]
[PlyCount "79"]
[EventDate "2020.09.11"]
[EventType "swiss"]
[EventRounds "9"]
[EventCountry "MNE"]
[TimeControl "5400+30"]

1. e4 d5 2. exd5 Qxd5 3. Nc3 Qd8 4. Nf3 Nf6 5. Bc4 a6 6. h3 b5 7. Bb3 Bb7 8. O-O e6 9. Re1 Be7 10. d3 Nbd7 11. Bg5 O-O 12. Qe2 c5 13. a3 Qc7 14. Rad1 h6 15. Bh4 Rfe8 16. Bg3 Bd6 17. Bxd6 Qxd6 18. Ne4 Nxe4 19. dxe4 Qc6 20. c4 Rad8 21. cxb5 axb5 22. Nd2 c4 23. Bc2 Nc5 24. f3 Nd3 25. Bxd3 Rxd3 26. Rc1 Red8 27. Rc2 Qc5+ 28. Kh1 Qd4 29. Nf1 Rd1 30. Rxd1 Qxd1 31. Qxd1 Rxd1 32. Kg1 Kf8 33. Kf2 Rd3 34. Ke2 Ke7 35. Ne3 Kd6 36. a4 Ba6 37. axb5 Bxb5 38. Nxc4+ Bxc4 39. Rxc4 Rb3 40. Rc2 1-0

[Event "72nd MNE-ch 2020"]
[Site "Podgorica"]
[Date "2020.09.14"]
[Round "6"]
[White "Popovic, Mateja"]
[Black "Kalezic, Bojan"]
[Result "1/2-1/2"]
[WhiteElo "1550"]
[BlackElo "1855"]
[PlyCount "61"]
[EventDate "2020.09.11"]
[EventType "swiss"]
[EventRounds "9"]
[EventCountry "MNE"]
[TimeControl "5400+30"]

1. d4 d5 2. c4 e6 3. Nc3 Nf6 4. Bg5 c6 5. cxd5 cxd5 6. e3 Nc6 7. a3 Be7 8. Bd3 O-O 9. Nf3 a6 10. O-O b5 11. b4 Bb7 12. Rc1 h6 13. Bh4 Rc8 14. Nd2 e5 15. Nb3 e4 16. Be2 Nd7 17. Bxe7 Nxe7 18. Nc5 Nxc5 19. dxc5 Bc6 20. Qd2 Ra8 21. Bd1 Ng6 22. Ne2 Ne5 23. Nd4 Qd7 24. Be2 Rfd8 25. f4 exf3 26. Bxf3 Nc4 27. Qc3 a5 28. Ra1 Re8 29. Rfe1 axb4 30. axb4 Rxa1 31. Qxa1 1/2-1/2

[Event "72nd MNE-ch 2020"]
[Site "Podgorica"]
[Date "2020.09.15"]
[Round "7"]
[White "Blagojevic, Dragisa"]
[Black "Draskovic, Luka"]
[Result "1/2-1/2"]
[WhiteElo "2492"]
[BlackElo "2472"]
[PlyCount "24"]
[EventDate "2020.09.11"]
[EventType "swiss"]
[EventRounds "9"]
[EventCountry "MNE"]
[TimeControl "5400+30"]

1. d4 Nf6 2. c4 g6 3. Nf3 Bg7 4. g3 b6 5. Nc3 Bb7 6. d5 O-O 7. Bg2 Na6 8. O-O Nc5 9. Be3 e6 10. Ne1 exd5 11. cxd5 Re8 12. Nc2 Nfe4 1/2-1/2

[Event "72nd MNE-ch 2020"]
[Site "Podgorica"]
[Date "2020.09.15"]
[Round "7"]
[White "Kalezic, Blazo"]
[Black "Milovic, Jovan"]
[Result "1-0"]
[WhiteElo "2448"]
[BlackElo "2276"]
[PlyCount "51"]
[EventDate "2020.09.11"]
[EventType "swiss"]
[EventRounds "9"]
[EventCountry "MNE"]
[TimeControl "5400+30"]

1. e4 d5 2. exd5 Nf6 3. Nf3 Qxd5 4. Nc3 Qh5 5. Be2 Bg4 6. O-O Nc6 7. h3 O-O-O 8. d3 e5 9. Be3 Bxf3 10. Bxf3 Qf5 11. Ne4 Nd4 12. Bxd4 exd4 13. c4 h5 14. Qa4 Kb8 15. b4 Nxe4 16. Bxe4 Qc8 17. Rfe1 f5 18. Bf3 g5 19. Re5 g4 20. Bd5 c6 21. Be6 Qc7 22. Ra5 gxh3 23. Rxa7 Qe5 24. Ra5 Bc5 25. bxc5 Qxe6 26. Rb1 1-0

[Event "72nd MNE-ch 2020"]
[Site "Podgorica"]
[Date "2020.09.15"]
[Round "7"]
[White "Tomic, Aleksandar"]
[Black "Krstonijevic, Stjepan"]
[Result "1-0"]
[WhiteElo "2373"]
[BlackElo "2098"]
[PlyCount "123"]
[EventDate "2020.09.11"]
[EventType "swiss"]
[EventRounds "9"]
[EventCountry "MNE"]
[TimeControl "5400+30"]

1. d4 d5 2. Nf3 c6 3. c4 Nf6 4. Nc3 e6 5. e3 Nbd7 6. Qc2 Bd6 7. Bd3 dxc4 8. Bxc4 b5 9. Be2 Bb7 10. O-O a6 11. e4 e5 12. Rd1 Qb8 13. g3 c5 14. d5 O-O 15. a4 b4 16. Nb1 a5 17. Nbd2 Nb6 18. b3 Ba6 19. Nc4 Nxc4 20. Bxc4 Bxc4 21. Qxc4 Qc8 22. Nh4 g6 23. Bh6 Re8 24. f3 Qa6 25. Qxa6 Rxa6 26. Rac1 Nd7 27. Ng2 Ra7 28. Ne3 Nb6 29. Nc4 Nxc4 30. Rxc4 Rc7 31. Kf2 f6 32. Ke2 Kf7 33. Be3 g5 34. h4 h6 35. hxg5 hxg5 36. Rh1 Kg6 37. g4 Rec8 38. Kd3 Rb7 39. Rc2 Bf8 40. Kc4 Bg7 41. Rch2 Kf7 42. Rh7 Rd7 43. R7h2 Rb7 44. d6 Ke6 45. Bxc5 Bf8 46. Rh8 Rxc5+ 47. Kxc5 Bxd6+ 48. Kc6 Rc7+ 49. Kb6 Rc3 50. R1h7 Bc5+ 51. Kb5 Bd4 52. Kxa5 Rxb3 53. Ra8 Bc5 54. Ra6+ Bd6 55. Rb7 Rxf3 56. Rbb6 Rd3 57. Rxd6+ Rxd6 58. Rxd6+ Kxd6 59. Kxb4 f5 60. exf5 e4 61. Kc3 Ke5 62. Kd2 1-0

[Event "72nd MNE-ch 2020"]
[Site "Podgorica"]
[Date "2020.09.15"]
[Round "7"]
[White "Podlesnik, Bogdan"]
[Black "Nikcevic, Nebojsa"]
[Result "0-1"]
[WhiteElo "2354"]
[BlackElo "2413"]
[PlyCount "74"]
[EventDate "2020.09.11"]
[EventType "swiss"]
[EventRounds "9"]
[EventCountry "MNE"]
[TimeControl "5400+30"]

1. e4 e5 2. Nf3 Nc6 3. Nc3 Nf6 4. Bb5 Bd6 5. a3 O-O 6. d3 Bc5 7. O-O d6 8. Bg5 Bg4 9. Bxc6 bxc6 10. h3 Bd7 11. Na4 Bb6 12. Nxb6 axb6 13. d4 exd4 14. Qxd4 c5 15. Bxf6 Qxf6 16. Qxf6 gxf6 17. Rfe1 Rfe8 18. Nd2 f5 19. Re3 Kf8 20. Rae1 Ra4 21. c3 h6 22. exf5 Rxe3 23. Rxe3 Bxf5 24. g4 Be6 25. Re4 Rxe4 26. Nxe4 f5 27. Nf6 Kf7 28. gxf5 Kxf6 29. fxe6 c4 30. a4 Kxe6 31. Kg2 Kf5 32. Kf3 h5 33. Ke3 c5 34. Kf3 h4 35. Ke3 d5 36. Kf3 d4 37. Ke2 Kf4 0-1

[Event "72nd MNE-ch 2020"]
[Site "Podgorica"]
[Date "2020.09.15"]
[Round "7"]
[White "Musovic, Armin"]
[Black "Nikac, Predrag"]
[Result "0-1"]
[WhiteElo "2207"]
[BlackElo "2312"]
[PlyCount "150"]
[EventDate "2020.09.11"]
[EventType "swiss"]
[EventRounds "9"]
[EventCountry "MNE"]
[TimeControl "5400+30"]

1. e4 c5 2. c3 g6 3. d4 cxd4 4. cxd4 Bg7 5. Nc3 d6 6. Bc4 Nf6 7. Qa4+ Bd7 8. Qb3 O-O 9. e5 dxe5 10. dxe5 Ng4 11. Bxf7+ Rxf7 12. e6 Bxe6 13. Qxe6 Nxf2 14. Nf3 Bxc3+ 15. Kxf2 Bd4+ 16. Ke2 Bf6 17. Bh6 Nc6 18. Rad1 Qa5 19. Rd5 Qa6+ 20. Rd3 Qb5 21. Rc1 Qxb2+ 22. Kf1 Qb5 23. Qe2 Qh5 24. Be3 e5 25. Rd5 Ne7 26. Ra5 Nc6 27. Rd5 Rd8 28. Qc4 Rxd5 29. Qxd5 Qf5 30. Qb5 e4 31. Qxf5 gxf5 32. Ng5 Bxg5 33. Bxg5 Kg7 34. g3 Ne5 35. Be3 Nd3 36. Rc8 a6 37. Bd4+ Kh6 38. Rg8 f4 39. Kg2 Ne1+ 40. Kf2 Nf3 41. Bc5 fxg3+ 42. hxg3 Ng5+ 43. Kg2 Kh5 44. Be3 h6 45. Bf4 Re7 46. Be3 Rc7 47. Kf1 Kg4 48. Bf4 Rc6 49. Ke2 Rc2+ 50. Ke3 Rxa2 51. Rg6 Ra3+ 52. Ke2 Ra5 53. Rxh6 Rb5 54. Ke3 a5 55. Rh4+ Kf5 56. g4+ Kg6 57. Rh8 Rb3+ 58. Ke2 Ne6 59. Rh6+ Kf7 60. Be5 a4 61. Rh7+ Ke8 62. Rh8+ Kd7 63. Ra8 a3 64. Bf6 Nf4+ 65. Kf2 e3+ 66. Kf3 e2+ 67. Kf2 b5 68. g5 Rb1 69. Bc3 b4 70. Bd2 Rf1+ 71. Ke3 b3 72. g6 Nxg6 73. Kxe2 b2 74. Kxf1 b1=Q+ 75. Kf2 a2 0-1

[Event "72nd MNE-ch 2020"]
[Site "Podgorica"]
[Date "2020.09.15"]
[Round "7"]
[White "Milovic, Aleksandra"]
[Black "Djukic, Nikola"]
[Result "0-1"]
[WhiteElo "2198"]
[BlackElo "2525"]
[Annotator "TA"]
[PlyCount "42"]
[EventDate "2020.09.11"]
[EventType "swiss"]
[EventRounds "9"]
[EventCountry "MNE"]

{[%evp 21,42,0,23,-61,-45,-57,-45,-41,-27,-28,-35,-54,-47,-40,-31,-30,-31,-96,87,80,48,-670,-663]} 1. e4 c5 2. Nf3 d6 3. d4 cxd4 4. Nxd4 Nf6 5. Nc3 a6 6. Be3 e5 7. Nb3 Be6 8. f3 h5 9. Qd2 Nbd7 10. O-O-O Rc8 11. Kb1 Be7 12. Qf2 {12.g3 is setting a new trend. B90: Sicilian Najdorf: Unusual White 6th moves, 6 Be3 Ng4 and 6 Be3 e5.} (12. a3 $11) 12... Rxc3 $15 13. bxc3 {[%cal Bb2c3,Bc3c4,Bc4d5][%mdl 32] [#]} d5 $146 ({Predecessor:} 13... Qc7 14. Bd3 d5 15. Rhe1 O-O 16. h3 b5 17. g4 dxe4 18. Bxe4 Nxe4 19. fxe4 h4 {0-1 (39) Schmitzer,K (2285)-Donchenko,A (2563) Heusenstamm 2016}) 14. exd5 {Black is slightly better.} Nxd5 15. Bd2 N7b6 {[%cal Bd7b6,Bb6a4,Ba4c3,Bc3b5][%mdl 32] ...Nxc3+! is the strong threat.} 16. Qe1 {[#] And now c4 would win.} Na4 $1 {[%mdl 1024] Black has compensation.} 17. Ka1 {With the idea c4.} Qc7 {[%cal Rd5c3]} 18. c4 e4 {Hoping for ...Bf6+.} 19. c3 (19. Qxe4 $2 Bf6+ 20. Qd4 Bxd4+ $19) (19. Ba5 $15 Bf6+ 20. Rd4) 19... Bf6 $2 (19... e3 $1 $17 {[%cal Re3d2] and life is bright.} 20. cxd5 (20. Bxe3 Nxe3 21. Qxe3 O-O $11) 20... exd2 21. Qxd2 Qxc3+ 22. Qxc3 Nxc3) 20. cxd5 $16 Nxc3 {( -> ...Nb5+)} 21. Rc1 $2 {[%mdl 8192] [#]} (21. Bg5 $14 Be5 22. Rd4 (22. dxe6 Nxd1+ {[%mdl 64] Discovered Attack} 23. Kb1 Nc3+ 24. Kc2 Nxa2+ 25. Kd1 Nc3+ 26. Kc2 fxe6 $15) 22... Nxd5 23. Kb1 (23. fxe4 Ne7 $15) 23... Bxd4 24. Nxd4) 21... Nb5+ $1 {Accuracy: White = 64%, Black = 74%.} 0-1

[Event "72nd MNE-ch 2020"]
[Site "Podgorica"]
[Date "2020.09.15"]
[Round "7"]
[White "Bujisic, Vlastimir"]
[Black "Pecurica, Milos"]
[Result "1-0"]
[WhiteElo "2191"]
[BlackElo "2359"]
[PlyCount "49"]
[EventDate "2020.09.11"]
[EventType "swiss"]
[EventRounds "9"]
[EventCountry "MNE"]
[TimeControl "5400+30"]

1. e4 e5 2. Nf3 Nc6 3. d4 exd4 4. Nxd4 Qh4 5. Nc3 Bb4 6. Be2 Nf6 7. O-O Bxc3 8. bxc3 Nxe4 9. Bf3 O-O 10. Nf5 Qf6 11. Bxe4 d5 12. Qxd5 Re8 13. Ng3 Qxc3 14. Bd2 Qf6 15. Qg5 Qxg5 16. Bxg5 Nd4 17. Rfe1 Be6 18. c3 Nc6 19. Bxc6 bxc6 20. Bf4 Rab8 21. Bxc7 Rb2 22. a4 Rc8 23. Bd6 Rd8 24. Bc5 g6 25. Bxa7 1-0

[Event "72nd MNE-ch 2020"]
[Site "Podgorica"]
[Date "2020.09.15"]
[Round "7"]
[White "Miletic, Vuk"]
[Black "Lazarevic, Zoran V"]
[Result "1/2-1/2"]
[WhiteElo "2159"]
[BlackElo "2132"]
[PlyCount "81"]
[EventDate "2020.09.11"]
[EventType "swiss"]
[EventRounds "9"]
[EventCountry "MNE"]
[TimeControl "5400+30"]

1. d4 d5 2. c4 e6 3. Nf3 Nf6 4. g3 Nbd7 5. Bg2 Be7 6. O-O O-O 7. Qc2 b6 8. Rd1 Bb7 9. Nbd2 h6 10. Ne5 c5 11. cxd5 exd5 12. Ndf3 cxd4 13. Nxd7 Qxd7 14. Nxd4 Bc5 15. b3 Rac8 16. Qd3 Ne4 17. Bb2 Rfe8 18. a3 a5 19. e3 Ra8 20. Qe2 g6 21. h4 h5 22. Qf3 Qe7 23. a4 Bc8 24. Qe2 Ba6 25. Nb5 Rad8 26. Bd4 Qf8 27. Qf3 Bxb5 28. axb5 Bxd4 29. Rxd4 Qc5 30. Qe2 Nxg3 31. Qd3 Ne4 32. Bxe4 dxe4 33. Qc4 Qe7 34. Rad1 Rc8 35. Rd7 Qf6 36. R1d6 Qf5 37. Rc7 Rxc7 38. Qxc7 Qxb5 39. Rxb6 Qe2 40. Qg3 Rd8 41. Rxg6+ 1/2-1/2

[Event "72nd MNE-ch 2020"]
[Site "Podgorica"]
[Date "2020.09.15"]
[Round "7"]
[White "Karisik, Nenad"]
[Black "Sukovic, Andrej"]
[Result "1-0"]
[WhiteElo "2106"]
[BlackElo "2261"]
[PlyCount "45"]
[EventDate "2020.09.11"]
[EventType "swiss"]
[EventRounds "9"]
[EventCountry "MNE"]
[TimeControl "5400+30"]

1. e4 c5 2. d4 cxd4 3. c3 Nf6 4. e5 Nd5 5. Bc4 Nb6 6. Bb3 d5 7. cxd4 Nc6 8. Nc3 g6 9. h4 h5 10. Bg5 Nc4 11. Nge2 Nxb2 12. Qd2 Nc4 13. Bxc4 dxc4 14. e6 Bg7 15. exf7+ Kxf7 16. O-O Rf8 17. Rad1 Bf5 18. d5 Ne5 19. Nd4 Kg8 20. Rfe1 Qd7 21. Bh6 Rae8 22. Bxg7 Kxg7 23. Rxe5 1-0

[Event "72nd MNE-ch 2020"]
[Site "Podgorica"]
[Date "2020.09.15"]
[Round "7"]
[White "Alivodic, Dario"]
[Black "Popadic, Dragan"]
[Result "1/2-1/2"]
[WhiteElo "2103"]
[BlackElo "2171"]
[PlyCount "109"]
[EventDate "2020.09.11"]
[EventType "swiss"]
[EventRounds "9"]
[EventCountry "MNE"]
[TimeControl "5400+30"]

1. e4 c5 2. Nf3 Nc6 3. d4 cxd4 4. Nxd4 Nf6 5. Nc3 e5 6. Ndb5 d6 7. Bg5 a6 8. Na3 b5 9. Nd5 Be7 10. Bxf6 Bxf6 11. c3 O-O 12. Nc2 Bg5 13. a4 bxa4 14. Rxa4 a5 15. Bc4 Rb8 16. b3 Kh8 17. Nce3 g6 18. h4 Bxe3 19. Nxe3 h5 20. g4 hxg4 21. h5 Kg7 22. Nxg4 Rh8 23. Qf3 Rb7 24. h6+ Kf8 25. Ne3 Qg5 26. Bd5 Rc7 27. Rc4 Bb7 28. h7 Kg7 29. Qh3 Bc8 30. Qh2 Bd7 31. Bxc6 Rxc6 32. Rxc6 Bxc6 33. Rg1 Qf4 34. Qxf4 exf4 35. Nf5+ Kf6 36. Nxd6 Rxh7 37. Ke2 a4 38. b4 Ke5 39. Rd1 Bxe4 40. Nc4+ Ke6 41. Nd2 Bb7 42. Kd3 Rh2 43. Rf1 Rh8 44. c4 Kd6 45. Kd4 Rd8 46. b5 Kc7+ 47. Kc3 Kb6 48. Ra1 g5 49. Rxa4 g4 50. c5+ Kxc5 51. Nb3+ Kb6 52. Rxf4 Bd5 53. Rxg4 Bxb3 54. Kxb3 Kxb5 55. Rf4 1/2-1/2

[Event "72nd MNE-ch 2020"]
[Site "Podgorica"]
[Date "2020.09.15"]
[Round "7"]
[White "Djurovic, Peko"]
[Black "Vuckovic, Marko"]
[Result "1-0"]
[WhiteElo "2003"]
[BlackElo "2059"]
[PlyCount "91"]
[EventDate "2020.09.11"]
[EventType "swiss"]
[EventRounds "9"]
[EventCountry "MNE"]
[TimeControl "5400+30"]

1. e4 c5 2. Nf3 e6 3. d4 cxd4 4. Nxd4 Nc6 5. Nc3 Qc7 6. Be3 a6 7. Qf3 d6 8. O-O-O Bd7 9. Qg3 Nf6 10. Be2 Rc8 11. f3 b5 12. Rd2 Nxd4 13. Bxd4 e5 14. Be3 Be6 15. Kb1 Be7 16. Qf2 O-O 17. g4 Nd7 18. Rc1 Nc5 19. Nd5 Bxd5 20. Rxd5 Ne6 21. h4 Qc6 22. c4 bxc4 23. Bxc4 Qb7 24. Rdd1 Rc7 25. Bd5 Qb5 26. g5 Rfc8 27. Rxc7 Rxc7 28. Qg2 Nf4 29. Bxf4 exf4 30. Qd2 Qc5 31. Bb3 Qe5 32. Qe2 Bf8 33. Rd5 Qe8 34. Qxa6 Qd7 35. Rf5 Qe8 36. h5 g6 37. Rf6 Qe5 38. Qb6 Qxg5 39. Qxc7 Qxf6 40. a4 gxh5 41. a5 h4 42. Qd7 h6 43. a6 h3 44. Qxh3 Bg7 45. Qc8+ Kh7 46. e5 1-0

[Event "72nd MNE-ch 2020"]
[Site "Podgorica"]
[Date "2020.09.15"]
[Round "7"]
[White "Kandic, Milojko"]
[Black "Pobor, Milo"]
[Result "1-0"]
[WhiteElo "1961"]
[BlackElo "2143"]
[PlyCount "95"]
[EventDate "2020.09.11"]
[EventType "swiss"]
[EventRounds "9"]
[EventCountry "MNE"]
[TimeControl "5400+30"]

1. e4 c5 2. Nf3 e6 3. d4 cxd4 4. Nxd4 Nc6 5. Nc3 Qc7 6. Be3 a6 7. Be2 Nf6 8. a3 Be7 9. f4 d6 10. Nxc6 bxc6 11. O-O O-O 12. g4 Nd7 13. Rf3 d5 14. Rh3 e5 15. exd5 exf4 16. dxc6 Nf6 17. Bf2 h5 18. Nd5 Nxd5 19. Qxd5 Bxg4 20. Bxg4 hxg4 21. Rb3 Rab8 22. Qd7 Bd6 23. Qxc7 Bxc7 24. Rd1 Rxb3 25. cxb3 Rc8 26. Rc1 Rd8 27. Be1 f5 28. b4 g3 29. a4 Kf7 30. b5 axb5 31. axb5 gxh2+ 32. Kxh2 g5 33. Bf2 f3+ 34. Kg1 Bf4 35. c7 Rc8 36. b6 Bxc1 37. b7 Rxc7 38. b8=Q Bf4 39. Qb3+ Kg6 40. Qxf3 Rc4 41. Qb3 Rc1+ 42. Kg2 g4 43. Qg8+ Kh6 44. Qe6+ Kg5 45. Qg8+ Kh6 46. Bd4 Rc2+ 47. Kf1 Rc7 48. Qe6+ 1-0

[Event "72nd MNE-ch 2020"]
[Site "Podgorica"]
[Date "2020.09.15"]
[Round "7"]
[White "Petrusic, Goran"]
[Black "Koljevic, Nikolina"]
[Result "0-1"]
[WhiteElo "1935"]
[BlackElo "1870"]
[PlyCount "136"]
[EventDate "2020.09.11"]
[EventType "swiss"]
[EventRounds "9"]
[EventCountry "MNE"]
[TimeControl "5400+30"]

1. Nf3 Nf6 2. g3 e6 3. b3 Be7 4. Bb2 b6 5. Bg2 Bb7 6. O-O O-O 7. c4 c5 8. d4 cxd4 9. Nxd4 Bxg2 10. Kxg2 d5 11. Nd2 e5 12. Nf5 d4 13. Nxe7+ Qxe7 14. Qc2 Nc6 15. f3 Rfe8 16. Ne4 Nxe4 17. Qxe4 Qe6 18. g4 Qg6 19. Qxg6 hxg6 20. Ba3 a5 21. Rad1 f5 22. h3 f4 23. Rd2 Red8 24. Rfd1 Kf7 25. Rc1 Rac8 26. Rcd1 Ke6 27. Rc1 Rd7 28. Rcd1 Rdc7 29. Rc1 Na7 30. Rdc2 b5 31. Bb2 bxc4 32. Rxc4 Nb5 33. a4 Rxc4 34. bxc4 Nd6 35. c5 Ne8 36. c6 Kd5 37. Ba3 Rxc6 38. Rxc6 Kxc6 39. Bf8 Kd5 40. h4 Ke6 41. Bc5 Nd6 42. Bb6 Nc4 43. Bc5 Kf7 44. h5 gxh5 45. gxh5 Kf6 46. Kh3 Kg5 47. Bf8 Kxh5 48. Bxg7 Kg5 49. Bf8 Kf5 50. Bc5 Nb2 51. Bb6 Nxa4 52. Bxa5 Nc3 53. Kg2 Nxe2 54. Kf2 Ng3 55. Bb4 Ke6 56. Ba5 Kd5 57. Bc7 Nf5 58. Ke2 Ne7 59. Kd3 Nc6 60. Ke2 Kc4 61. Kd2 d3 62. Bd6 Kd4 63. Bc7 Kc4 64. Kd1 Kc3 65. Bd6 Kd4 66. Kd2 Na5 67. Bc7 Nc4+ 68. Kd1 Ke3 0-1

[Event "72nd MNE-ch 2020"]
[Site "Podgorica"]
[Date "2020.09.15"]
[Round "7"]
[White "Skenderovic, Ismet"]
[Black "Popovic, Mateja"]
[Result "1-0"]
[WhiteElo "1913"]
[BlackElo "1550"]
[PlyCount "31"]
[EventDate "2020.09.11"]
[EventType "swiss"]
[EventRounds "9"]
[EventCountry "MNE"]
[TimeControl "5400+30"]

1. Nf3 d5 2. b3 e6 3. Bb2 Nf6 4. g3 Be7 5. Bg2 c5 6. e3 Nc6 7. d4 O-O 8. O-O b6 9. Ne5 Bb7 10. c4 Bd6 11. f4 Nd7 12. cxd5 exd5 13. Bxd5 Qc7 14. Nc3 cxd4 15. Nb5 Qd8 16. Nxc6 1-0

[Event "72nd MNE-ch 2020"]
[Site "Podgorica"]
[Date "2020.09.15"]
[Round "7"]
[White "Petrovic, Slavko"]
[Black "Lakusic, Zoran"]
[Result "1/2-1/2"]
[WhiteElo "1909"]
[BlackElo "1711"]
[PlyCount "134"]
[EventDate "2020.09.11"]
[EventType "swiss"]
[EventRounds "9"]
[EventCountry "MNE"]
[TimeControl "5400+30"]

1. e4 c5 2. Nf3 e6 3. e5 Nc6 4. Bb5 Qc7 5. Qe2 a6 6. Bxc6 Qxc6 7. Nc3 d5 8. exd6 Bxd6 9. Ne4 Ne7 10. d3 b5 11. Nxd6+ Qxd6 12. Bg5 O-O 13. Bxe7 Qxe7 14. O-O Bb7 15. Nd2 Qg5 16. f3 Qf6 17. Rab1 Rac8 18. Rfe1 Qd4+ 19. Qe3 Qa4 20. Nb3 Qxa2 21. Nxc5 Qd5 22. d4 a5 23. c3 Bc6 24. Ra1 a4 25. Qf2 h6 26. Re5 Qd8 27. Qe2 Re8 28. Re1 b4 29. Qc4 bxc3 30. Qxc3 Bd5 31. Ra1 Bb3 32. Qb4 Rb8 33. Qd2 Qb6 34. Nd7 Qb4 35. Qc3 Qxc3 36. bxc3 Ra8 37. Ra3 Ra7 38. Nc5 Bd5 39. Re2 Bc6 40. Rb2 Rc8 41. Kf2 Kf8 42. f4 Ke7 43. Rb4 Rca8 44. g3 Kd6 45. Ke3 f5 46. c4 g5 47. Nd3 Rb7 48. c5+ Kc7 49. Rxb7+ Kxb7 50. Nb2 Bb5 51. Kd2 Kc6 52. Kc3 Kd5 53. Nd1 Bc6 54. Nf2 Rb8 55. Nd3 Bb5 56. Nf2 gxf4 57. gxf4 Be8 58. Nh3 Rb1 59. Nf2 Rb3+ 60. Rxb3 axb3 61. Nd3 Ke4 62. Ne5 b2 63. Kxb2 Kxd4 64. c6 Bxc6 65. Nxc6+ Ke4 66. Nd8 Kxf4 67. Nxe6+ Kg4 1/2-1/2

[Event "72nd MNE-ch 2020"]
[Site "Podgorica"]
[Date "2020.09.15"]
[Round "7"]
[White "Kalezic, Bojan"]
[Black "Pobor, Danilo"]
[Result "1/2-1/2"]
[WhiteElo "1855"]
[BlackElo "2059"]
[PlyCount "127"]
[EventDate "2020.09.11"]
[EventType "swiss"]
[EventRounds "9"]
[EventCountry "MNE"]
[TimeControl "5400+30"]

1. e4 c5 2. Nf3 Nc6 3. d4 cxd4 4. Nxd4 Nf6 5. Nc3 d6 6. Bc4 e6 7. Be3 Be7 8. O-O a6 9. Bb3 Na5 10. f4 b5 11. a3 Nxb3 12. cxb3 Bb7 13. Qd3 O-O 14. Rad1 Qc7 15. h3 Rad8 16. Rc1 Qd7 17. Rfd1 d5 18. e5 Ne4 19. Nxe4 dxe4 20. Qc3 Rc8 21. Qa5 Bc5 22. Nf5 Bxe3+ 23. Nxe3 Rxc1 24. Rxc1 h6 25. Rc7 Qd8 26. Qc3 Bd5 27. Rc5 Qh4 28. f5 Rd8 29. Rc8 Kh7 30. Rxd8 Qxd8 31. f6 gxf6 32. exf6 Qd6 33. Qd4 a5 34. b4 axb4 35. axb4 Kg6 36. Ng4 h5 37. Ne5+ Kf5 38. Nxf7 Qc7 39. g4+ hxg4 40. hxg4+ Kxg4 41. Ne5+ Kg5 42. f7 Qc1+ 43. Kf2 Qf4+ 44. Ke2 Bc4+ 45. Nxc4 Qxf7 46. Qe3+ Kh5 47. Qh3+ Kg5 48. Qg3+ Kh6 49. Qh4+ Kg7 50. Qg5+ Kh7 51. Ne5 Qf5 52. Qxf5+ exf5 53. Ke3 Kg7 54. Nc6 Kf6 55. Kf4 Ke6 56. Nd4+ Kd5 57. Nxf5 Kc4 58. Kxe4 Kxb4 59. Nd4 Kc4 60. Ke3 Kb4 61. Kd3 Ka4 62. Kc3 b4+ 63. Kc4 b3 64. Nxb3 1/2-1/2

[Event "72nd MNE-ch 2020"]
[Site "Podgorica"]
[Date "2020.09.15"]
[Round "7"]
[White "Cadjenovic, Dragan"]
[Black "Vujovic, Savo"]
[Result "0-1"]
[WhiteElo "1841"]
[BlackElo "2082"]
[PlyCount "74"]
[EventDate "2020.09.11"]
[EventType "swiss"]
[EventRounds "9"]
[EventCountry "MNE"]
[TimeControl "5400+30"]

1. e4 c5 2. Nf3 Nc6 3. Nc3 Nf6 4. d4 cxd4 5. Nxd4 e5 6. Ndb5 d6 7. Bg5 a6 8. Na3 b5 9. Nd5 Be7 10. Nxe7 Nxe7 11. Qf3 Be6 12. Bxf6 gxf6 13. Qxf6 Rg8 14. O-O-O Rc8 15. Rd2 b4 16. Nb1 Qa5 17. a3 Rb8 18. Qf3 Nc6 19. Rxd6 Nd4 20. Rxe6+ Nxe6 21. Bc4 Qb6 22. b3 Rc8 23. axb4 Rxc4 24. bxc4 Qxb4 25. Qb3 Qxb3 26. cxb3 Rxg2 27. f3 Nd4 28. Nd2 a5 29. h4 Kd7 30. Rh3 Kc6 31. h5 Kc5 32. h6 Kb4 33. Rh5 Kc3 34. Nb1+ Kd3 35. Na3 Kc3 36. Nb1+ Kxb3 37. Rxe5 Rg1+ 0-1

[Event "72nd MNE-ch 2020"]
[Site "Podgorica"]
[Date "2020.09.15"]
[Round "7"]
[White "Mosurovic, Milena"]
[Black "Sabotic, Denis"]
[Result "1-0"]
[WhiteElo "1353"]
[BlackElo "1708"]
[PlyCount "87"]
[EventDate "2020.09.11"]
[EventType "swiss"]
[EventRounds "9"]
[EventCountry "MNE"]
[TimeControl "5400+30"]

1. e4 c5 2. Nc3 Nc6 3. g3 a6 4. Bg2 e6 5. d3 Bd6 6. Be3 Nge7 7. f4 e5 8. f5 O-O 9. f6 Ng6 10. fxg7 Kxg7 11. Qh5 Re8 12. Bh6+ Kg8 13. Nd5 Nb4 14. Nxb4 cxb4 15. Nf3 Bf8 16. Bxf8 Nxf8 17. O-O Qb6+ 18. Kh1 Qg6 19. Qh4 d6 20. Bh3 Bxh3 21. Qxh3 Ne6 22. Nh4 Qh5 23. Rf5 Qh6 24. Raf1 Re7 25. Rf6 Qh5 26. Qg2 Rc7 27. Nf5 Qg5 28. Nh6+ Kg7 29. Nxf7 Qxf6 30. Rxf6 Kxf6 31. Nxd6 Nd4 32. Qf2+ Ke6 33. Nc4 b5 34. Nxe5 Rd8 35. Ng4 Rf7 36. Qd2 Rg8 37. Nh6 Rf1+ 38. Kg2 Rgf8 39. Qxb4 R8f2+ 40. Kh3 Nxc2 41. Qb3+ Kd7 42. Qd5+ Kc7 43. Nf5 Rxf5 44. exf5 1-0